|
|
|
|
| LEADER |
01021nam a2200253 a 4500 |
| 001 |
1196331 |
| 008 |
100613s1998 mau 001 0 eng d |
| 010 |
|
|
|a \\\98002625
|
| 020 |
|
|
|a 039585086X (pbk.)
|
| 040 |
|
|
|a DLC
|c DLC
|d DLC
|d BD-DhAAL
|
| 082 |
0 |
0 |
|a 821.009
|2 21
|
| 100 |
1 |
|
|a Oliver, Mary,
|d 1935-
|
| 245 |
1 |
0 |
|a Rules for the dance :
|b a handbook for writing and reading metrical verse /
|c Mary Oliver.
|
| 260 |
|
|
|a Boston :
|b Houghton Mifflin,
|c 1998.
|
| 300 |
|
|
|a x, 194 p. ;
|c 21 cm.
|
| 500 |
|
|
|a "A Mariner original."
|
| 504 |
|
|
|a Includes index.
|
| 541 |
1 |
|
|e 00020372
|
| 650 |
|
0 |
|a English language
|x Versification.
|
| 650 |
|
0 |
|a English poetry
|x History and criticism
|x Theory, etc.
|
| 650 |
|
0 |
|a Poetry
|x Authorship.
|
| 852 |
4 |
|
|a Ayesha Abed Library
|j General Shelf
|
| 999 |
|
|
|c 8916
|d 8916
|
| 952 |
|
|
|0 0
|1 0
|2 ddc
|4 0
|6 821_009000000000000_OLI_1998
|7 0
|9 10911
|a BRACUL
|b BRACUL
|c GEN
|d 2010-06-13
|l 6
|m 12
|o 821.009 OLI
|p 3010020372
|r 2025-05-14
|s 2025-04-22
|t 1
|w 2010-06-13
|y BK
|x Transferred from ENH to Ayesha Abed library on 20/12/2023
|